| 000 | 00523nam a2200193Ia 4500 | ||
|---|---|---|---|
| 005 | 20240830024537.0 | ||
| 008 | 240331s9999 xx 000 0 und d | ||
| 020 | _a076199310X | ||
| 082 |
_bKAZ _a792 |
||
| 100 | _aKazmi, F | ||
| 245 | 4 |
_aThe politics of India's conventional cinema : _bImaging a universe, subverting a multiverse |
|
| 260 |
_aNew Delhi _bSage Publication India Pvt Ltd _c1999 |
||
| 300 | _a252 p ., | ||
| 650 | _aCulture | ||
| 650 | _aPolitical | ||
| 650 | _aCinema | ||
| 650 | _aTheater | ||
| 942 | _cL | ||
| 999 |
_c3075 _d3075 |
||